|
|
|
|
| LEADER |
00000nam a2200000 a 4500 |
| 001 |
vtls001472373 |
| 003 |
SK-MaSNL |
| 005 |
20260302073514.0 |
| 008 |
240226s1801 au hun |
| 035 |
|
|
|a SNK000427675
|
| 035 |
|
|
|a 941B684F-1706-4632-A1AB-CA1166F84BDE
|
| 035 |
|
|
|a urn:nbn:sk:snk-am00ii2t
|
| 040 |
|
|
|a SNKHFA
|b slo
|c SNKHFA
|e AACR2
|
| 041 |
0 |
|
|a hun
|
| 044 |
|
|
|a au
|c AT
|
| 072 |
|
7 |
|a 27-46/-48
|x Pastorálna teológia
|2 konspekt
|
| 080 |
|
|
|a 27-475.5
|2 2011
|
| 100 |
1 |
|
|a Bielek, Ladislav,
|d 1744-1807
|4 aut
|9 425586
|
| 245 |
1 |
0 |
|a Vér Szeme a Relígiónak, ´S Vele Jaro Erköltsi Tudománynak
|c Magyarra Fordította Bielek László, Kegyes Oskolabéli Szerzetes Pap, A' Pesti Királyi Fö Anya Oskolábann a' Tanúlttaknak egygyik Tagja, Filozófiának, Mathézisnek, Históriáknak, és Dogmátika Theologiának vólt Profeszsora, mostanábann, Nagy Károlybann az Isteni Igének Hirdetöje.
|
| 260 |
|
|
|a Bétsbenn
|b a´ Siket-Némák Tipográfiájábann, Schuender Károly János által
|c MDCCCI [=1801]
|
| 300 |
|
|
|a XXXII, 427 s.
|c 20 cm
|
| 610 |
2 |
7 |
|a Rímskokatolícka cirkev
|2 SNKKA
|9 32394
|
| 650 |
0 |
7 |
|a kázne
|2 SNKPH
|9 1954
|
| 700 |
1 |
|
|a Schuender, Károly János
|4 prt
|9 738000
|
| 752 |
|
|
|a Rakúsko
|d Viedeň
|
| 852 |
|
|
|a Slovenská národná knižnica
|b Historické fondy
|
| 852 |
|
|
|a snk
|p SD 11570
|
| 958 |
|
|
|a ONDV
|
| 958 |
|
|
|a DF
|
| 999 |
|
|
|c 1161097
|d 1163027
|
| 952 |
|
|
|a SNK
|b SNK
|y PREZ
|7 0
|p 17A0422132
|o snkSD 11570
|i snk809/41
|0 0
|1 0
|4 0
|d 2004-04-01
|f 1
|l 0
|r 2025-11-25 00:00:00
|w 2026-02-24
|